000 00712nam a2200289Ia 4500
005 20260324145214.0
008 008 260324s9999 xx 000 0 eng d
020 _a9780367813819
037 _aEBOOK
040 _aCRL
040 _beng
040 _cCRL
041 _2eng
041 _aeng
084 _qCRL
100 _aA.J. van Doorn; J.J Koenderink; W.A. van de Grind
_91222127
245 0 _aLimits in Perception
245 0 _bEssays in Honour of Maarten A. Bouman
260 _bTaylor and Francis
260 _c1984
365 _a
365 _b400
856 _uhttp://www.taylorfrancis.com/books/9780367813819
942 _cEBOOK
999 _c1829719
_d1829719